Subdivisions by AI generated video games - Statistics

General Stats
  • This quiz has been taken 26 times
  • The average score is 10 of 16
Answer Stats
Picture Answer % Correct
New York
100%
Texas
79%
Veneto
79%
Bavaria
74%
Quebec
74%
Hawaii
68%
Scotland
68%
Tokyo
68%
Moscow
63%
Catalonia
58%
Lapland
58%
Northern Territory
53%
Tibet
53%
Wales
53%
Antarctica
37%
Western cape
32%
No matching quizzes found
Score Distribution
Percent of People with Each Score
Percentile by Number Answered
Your Score History
You have not taken this quiz